MARC

LEADER 00000nam0a2200000 4500
001 69430
005 20231031075725.0
010 |a 5211000196 
035 |a (RuTPU)RU\TPU\book\73928 
090 |a 69430 
100 |a 20041025d1988 k y0rusy50 ca 
101 0 |a rus 
102 |a RU 
105 |a y z 001zy 
200 1 |a Философско-методологические аспекты релевантной логики  |f Е. К. Войшвилло 
210 |a Москва  |c Изд-во МГУ  |d 1988 
215 |a 140 с. 
320 |a Библиогр.: с. 138-140 (69 назв.) 
610 1 |a математическая логика 
610 1 |a философские проблемы 
610 1 |a импликация 
610 1 |a релевантная логика 
610 1 |a семантика 
675 |a 510.6  |v 3 
700 1 |a Войшвилло  |b Е. К.  |g Евгений Казимирович 
801 1 |a RU  |b 63413507  |c 20041025  |g PSBO 
801 2 |a RU  |b 63413507  |c 20161201  |g PSBO 
942 |c BK